La literatura griega clásica
Bewaard in:
| Hoofdauteur: | |
|---|---|
| Formaat: | Boek |
| Taal: | Undetermined |
| Gepubliceerd in: |
Buenos aires, Argentina
Editorial Losada
1967
|
| Editie: | Edición española |
| Reeks: | Las literaturas del mundo. Enciclopedia universal de las literaturas
|
| Onderwerpen: | |
| Tags: |
Voeg label toe
Geen labels, Wees de eerste die dit record labelt!
|
MARC
| LEADER | 00000nam a2200000Ia 4500 | ||
|---|---|---|---|
| 008 | 170316s9999 xx 000 0 und d | ||
| 040 | |a cru BVZT | ||
| 090 | |a 880 C-1.3L | ||
| 100 | |a Cantarella, Raffaele | ||
| 245 | |a La literatura griega clásica |c Riccardo Bacchelli, Giovanni Macchia, Antonio Viscardi, directores ; Antonio Camarero, traductor | ||
| 250 | |a Edición española |b Attilio Dabini | ||
| 260 | |a Buenos aires, Argentina |b Editorial Losada |c 1967 | ||
| 300 | |a 543 páginas | ||
| 490 | |a Las literaturas del mundo. Enciclopedia universal de las literaturas | ||
| 505 | |a Contiene: índice bibliográfico índice analítico de nombres antigüos | ||
| 650 | 0 | |a LITERATURA GRIEGA |9 301 | |
| 650 | 0 | |a ÉPOCA JÓNICA | |
| 650 | 0 | |a POESÍA |9 18 | |
| 650 | 0 | |a LITERATURA GRIEGA CLÁSICA | |
| 650 | 0 | |a EDAD ÁTICA | |
| 999 | |c 30868 |d 30868 | ||
| 942 | |c 15 D |h 880 C-1.3L |2 z | ||
